000 00813nmm a2200277 a 4500
001 ocm000610348
003 TR-IsHL
005 20201028131253.0
008 131010s2010 tu tur
007 cr cn
020 _a9786054392131
035 _a610348
_b(N$T)
050 0 4 _aLB1027
_b.S86 2010
090 0 4 _aLB1027
_b.S86 2010
100 1 _aSünbül, Ali Murat
245 1 0 _aÖğretim ilke ve yöntemleri
_h[electronic resource] /
_cAli Murat Sünbül
250 _a1.bs.
260 _aKonya :
_bEğitim Akademi Yayınevi,
_c2010
300 _a385 p.
650 4 _aEğitim
650 4 _aEducation
650 0 _aÖğretim
650 0 _aTeaching
650 7 _aEDUCATION / General
_2bisacsh
856 4 0 _uhttp://search.ebscohost.com/login.aspx?direct=true&scope=site&db=e011xww&AN=610348
999 _c4473
_d4473